Universal's Guide To CLAT & LL.B: (Record no. 192648)

MARC details
000 -LEADER
fixed length control field 00671nam a22001937a 4500
005 - DATE AND TIME OF LATEST TRANSACTION
control field 20220928145710.0
010 ## - LCCN (DPL NO)
LC control number B-745723
020 ## - INTERNATIONAL STANDARD BOOK NUMBER
International Standard Book Number 9789388548700
Terms of availability 925.00
037 ## - SOURCE OF ACQUISITION
Source of stock number/acquisition LexisNexis
082 ## - DEWEY DECIMAL CLASSIFICATION NUMBER
Classification number 000
100 ## - MAIN ENTRY--PERSONAL NAME
Personal name Arora, Manish
245 ## - TITLE STATEMENT
Title Universal's Guide To CLAT & LL.B:
Statement of responsibility, etc Manish Arora
Remainder of title Entrance Examination/
250 ## - EDITION STATEMENT
Edition statement 30th
260 ## - PUBLICATION, DISTRIBUTION, ETC. (IMPRINT)
Place of publication, distribution, etc Haryana
Name of publisher, distributor, etc LexisNexis
Date of publication, distribution, etc 2020
270 ## - ADDRESS
City Haryana
Address 14th floor,Building No 10,Tower-B,DLF Cyber City,Phase-II
Postal code 122002
Telephone number 911244774444
Electronic mail address help.in@lexisnexis.com
300 ## - PHYSICAL DESCRIPTION
Extent v,1237p
Dimensions 24cm (pbk)
942 ## - ADDED ENTRY ELEMENTS (KOHA)
Source of classification or shelving scheme Dewey Decimal Classification
Item type English Books
Classification part 000
Call number suffix ARO
Holdings
Withdrawn status Lost status Not for loan Collection code Home library Current library Date acquired Source of acquisition Cost, normal purchase price Full call number Barcode Copy number Cost, replacement price Koha item type Public note
      Non-fiction Patel Nagar Patel Nagar 28/09/2022 22.9.22/Gift 925.00 000 ARO B-745723 1 925.00 English Books Gift

© Delhi Public Library
Hit Counter
free hit counter